Remaja sukses

Bibliographic Details
Main Author: Arieff Salleh Rosman 1975
Other Authors: Wardah Mokhtar
Format: Book
Language:English
Published: Pahang PTS Millennia 2005
Subjects:
LEADER 00843cam a2200241 a 4500
001 0000083236
005 20070709090000.0
040 |a mod 
041 |a eng 
020 |a 9833372066 
090 0 0 |a 158.10835  |b ARI  |e 2005 
100 1 |a Arieff Salleh Rosman  |d 1975 
245 1 0 |a Remaja sukses  |c Arieff Salleh Rosman, Wardah Mokhtar 
260 |a Pahang  |b PTS Millennia  |c 2005 
300 |a x, 304 p.  |b ill.  |c 23 cm 
650 0 0 |a Adolescent psychology 
650 0 0 |a Success in adolescence 
700 1 |a Wardah Mokhtar 
852 0 0 |a 01 
999 |a 0250554  |b SPPTD  |d BOOKS  |e Umum  |f SPPTD  |j AVAILABLE  |q GOOD CONDITION 
999 |a B000001219  |b SPPTD  |d BOOKS  |e Umum  |f SPPTD  |j AVAILABLE  |q GOOD CONDITION 
999 |a B000004917  |b 10 BGD  |d BOOKS  |e Umum  |f 10 BGD  |j AVAILABLE  |q GOOD CONDITION 
999 |a PH006143  |b KEMENTAH  |d BOOKS  |e Umum  |f Perpustakaan KEMENTAH  |j AVAILABLE  |q GOOD CONDITION